| 000 | 00978nam a22003375b 4500 | ||
|---|---|---|---|
| 001 | 0000431 | ||
| 003 | DO-SdBNP | ||
| 005 | 20180212103047.0 | ||
| 007 | 0000431 | ||
| 008 | 180212b 1994 sp a 00| 0 spa d | ||
| 016 | 7 |
_a _2BPMSU |
|
| 017 |
_a _b |
||
| 020 | _a8434837137 | ||
| 035 | _a | ||
| 040 |
_aBPMSU _bspa _cBPMSU _e |
||
| 080 | 0 | _a | |
| 082 |
_aA863.6 _bM779c 1194 |
||
| 100 | 1 | _aMontes, Graciela | |
| 245 | 1 | 0 |
_aCuatro calles y un problema / _cGraciela Montes ; ilustraciones de Miguel A. Pacheco _h |
| 250 | _a2ª ed. | ||
| 260 |
_aMadrid : _bSM, _c1994 |
||
| 300 |
_a57 p. : _bil. ; _c19 cm |
||
| 490 | 1 |
_aEl barco de vapor. ; _a Serie blanca _v44 |
|
| 650 | _aCUENTOS INFANTILES ARGENTINOS | ||
| 650 | _aLITERATURA INFANTIL ARGENTINA | ||
| 700 | 1 |
_aPacheco, Miguel Ángel _d1944- _eils |
|
| 830 |
_aEl barco de vapor. _pSerie blanca _v44 |
||
| 942 |
_2ddc _cBK |
||
| 945 | _aInventariado, 2018/ YL | ||
| 956 |
_aVMATEO _b10 _c20161123 _dBPMSU _f0069 |
||
| 999 |
_c12042 _d12042 |
||